000 01112nam a22002657a 4500
001 4485
003 FISKH
005 20250814145031.0
008 240912b cb ||||| |||| 00| 0 eng d
020 _a9780545601610
040 _aFISKH
_beng
_cFISKH
_dFISKH
050 _aPZ7.S685254
100 _aSoctomah, Donald
_eauthor
245 _aRemember Me :
_bTomah Joseph's Gift to Franklin Roosevelt /
_cby Donald Soctomah and Jean Flahive : illustrated by Mary Beth Owens
260 _aNew York :
_bScholastic ;
_c2009.
300 _a30 unnumbered pages :
_bcolor illustrations;
_c26 cm .
505 _aU
520 _aSpending his childhood summers on Campobello Island, young Franklin Delano Roosevelt learns how to canoe from Tomah Joseph, a respected fishing and canoe guide, basketmaker and canoe-builder, and former chief of his tribe, who also teaches Franklin about the Passamaquoddy culture.
521 8 _a820
_bLexile NC
521 8 _aU
_bRaz-Plus
650 _adiversity
_vhistorical fiction
700 _aOwens, Mary Beth
_eillustrator
942 _2ddc
_cBK
_n0
999 _c4485
_d4485